| 000 | 00452pam a2200169 a 4500 | ||
|---|---|---|---|
| 020 | _a0023541814 | ||
| 040 | _cDLC | ||
| 082 | 0 | 0 | _a330 COL 1991 A012 Or. |
| 100 | 1 | _aHeyne, Paul T. | |
| 245 | 1 | 4 | _aThe economic way of thinking / |
| 250 | _a6th ed. | ||
| 260 |
_aNew York : _bMacmillan ; _aToronto : _bCollier Macmillan Canada, _cc1991. |
||
| 300 |
_axvi, 587 p. : _bill. ; _c24 cm. |
||
| 500 | _aIncludes index. | ||
| 650 | 0 | _aEconomics. | |
| 942 | _cEK | ||
| 999 |
_c13871 _d13871 |
||